000 01197cam a2200325 i 4500
001 016225991
003 EG-ScBUE
005 20230118092436.0
008 121129s2013 enko f d 001 0 eng d
020 _a9781781579954 (pbk.)
040 _aStDuBDS
_beng
_erda
_cStDuBDS
_dUk
_dEG-ScBUE
082 0 4 _a771.44
_bFRE
_222
100 1 _aFreeman, Michael,
_d1945-
_eauthor.
_938165
245 1 0 _aDigital image editing & special effects :
_bmaster the key techniques of photoshop & lightroom /
_cMichael Freeman.
246 3 _aDigital image editing and special effects :
_bmaster the key techniques of photoshop and lightroom
264 1 _aLewes :
_bIlex,
_c2013.
300 _a160 pages :
_bphotogrphs ;
_c21 cm
336 _2rdacontent
_atext
_btxt
337 _2rdamedia
_aunmediated
_bn
338 _2rdacarrier
_avolume
_bnc
500 _aIncludes index.
500 _aIncludes glossary.
650 7 _aImage processing
_xDigital techniques.
_2BUEsh
_94647
650 7 _aPhotography
_xSpecial effects.
_2BUEsh
650 7 _aPhotography
_xDigital techniques.
_2BUEsh
_937027
651 _2BUEsh
653 _bCOMAME
_cJune2015
_cAugust2015
655 _vReading book
942 _2ddc
_k771.44 FRE
_cBB
999 _c19708
_d19680